Trồng cà phê

Guardat en:
Dades bibliogràfiques
Autor principal: Nguyễn Sĩ Nghị
Format: Llibre
Idioma:Undetermined
Publicat: Hà Nội Nông nghiệp 1982
Matèries:
Etiquetes: Afegir etiqueta
Sense etiquetes, Sigues el primer a etiquetar aquest registre!
Thư viện lưu trữ: Trung tâm Học liệu Trường Đại học Cần Thơ
LEADER 00503nam a2200181Ia 4500
001 CTU_13503
008 210402s9999 xx 000 0 und d
082 |a 633.73 
082 |b Ngh300 
100 |a Nguyễn Sĩ Nghị 
245 0 |a Trồng cà phê 
245 0 |c Nguyễn Sĩ Nghị 
260 |a Hà Nội 
260 |b Nông nghiệp 
260 |c 1982 
650 |a coffee 
904 |i Nguyễn Quang Điền, 961205 
980 |a Trung tâm Học liệu Trường Đại học Cần Thơ